000 00586nam a22001817a 4500
005 20251108164740.0
008 250721s1987 xx 000 0 ara d
082 1 4 _a615.89/جوز
100 1 _aإبن الجوزي، أبو الفرج عبد الرحمن بن علي
245 1 0 _aمختصر لقط المنافع /
264 1 _aبيروت :
_bدار المأمون للتراث،
_c1987.
300 _a119ص
650 1 7 _aالطب الشعبي
650 1 7 _aالطب العربي
700 1 _aالدقاق، أحمد يوسف
_eتحقيق
942 _2ddc
_cBK
999 _c13428
_d13428